| 000 | 00657nam a2200217 a 4500 | ||
|---|---|---|---|
| 999 |
_c2211 _d2211 |
||
| 001 | 2211 | ||
| 003 | BD-JhCC | ||
| 005 | 20171030211601.0 | ||
| 008 | 171030s1968 bg |||| ||a| 000 0 ben d | ||
| 035 | _a(BD-JhCC)2211 | ||
| 040 |
_aBD-JhCC _dBD-JhCC |
||
| 041 | _aben | ||
| 082 |
_a891.4409 _bKAR 4968 |
||
| 100 | _aকরিম, সরদার ফজলুল | ||
| 245 |
_aপাকিস্তান আন্দোলন ও মুসলিম সাহিত্য / _cসরদার ফজলুল করিম |
||
| 260 |
_b891.4409 _c1968 |
||
| 300 |
_a184 p. : _c22 cm. |
||
| 650 | _aBengali Literature | ||
| 942 |
_2ddc _cBK |
||